000 00794nam a2200265Ia 4500
001 Para_678
003 CHAP
008 220125s1996 xx 000 0 und d
010 _a199312
040 _cCHAP
090 _aPA FOLLETO 3410
110 _aMéxico. Comité estatal de sanidad vegetal de Yucatán
_9164600
245 _aManual del productor para el control de la mosca de la fruta /
_c por Comité estatal de sanidad vegetal de Yucatán
260 _aMérida, Yuc. :
_b el comité
300 _a31 p.
650 _aFruta
_x Plagas
_943646
650 _aMosca de la fruta
_978989
901 _aPA FOLLETO 3410
902 _aA
905 _a0000001996 a 0000000000 00
910 _a1996
942 _cPARA
942 _cPARA
_d1
999 _c199312
_d199312